| 000 | 00868nam a2200229Ia 4500 | ||
|---|---|---|---|
| 003 | GCL | ||
| 008 | 140319s9999 xx 000 0 ara d | ||
| 020 | _a*147099906 | ||
| 040 |
_aGCL / _cGCL |
||
| 082 | 0 | 4 |
_aد _b050 _bم ع |
| 100 | 1 | _aسكيرس , جينيفر | |
| 245 | 1 | 0 |
_aالثقافة الحضرية فى مدن الشرق ( عالم المعرفة اكتوبر 2004 ) : _bاستكشاف المحيط الداخلى للمنزل / _cسكيرس , جينيفر |
| 700 | 1 | _aليلى الموسوى | |
| 260 |
_aالكويت : _bالمجلس الوطنى للثقافة والفنون والاداب ، _c2004 |
||
| 300 |
_a221 ص ؛ _c20 سم |
||
| 490 |
_aعالم المعرفة _v308 |
||
| 650 | 0 | 4 | _aالحضارة |
| 650 | 0 | 4 | _aالثقافة |
| 650 | 0 | 4 | _aالاجتماع الثقافى |
| 650 | 0 | 4 | _aالاسرة - رعاية |
| 942 |
_2ddc _cCR |
||
| 999 |
_c50855 _d50855 |
||